| 000 | 00859pam a2200301 a 4500 | ||
|---|---|---|---|
| 005 | 20260322212049.0 | ||
| 008 | data | ||
| 010 | _a 88030309 | ||
| 020 | _a0882897233 | ||
| 020 | _a9780882897233 | ||
| 040 |
_aDLC _cDLC _dDLC |
||
| 043 | _an-usp-- | ||
| 050 | 0 | 0 |
_aF594.S8 _bS73 1989 |
| 082 | 0 | 0 |
_aB _aB _219 |
| 100 | 1 | _aSteele, Phillip W. | |
| 245 | 1 | 0 |
_aStarr tracks : _bBelle and Pearl Starr / _cPhillip W. Steele. |
| 260 |
_aGretna, La. : _bPelican Pub. Co., _c1989. |
||
| 300 |
_a112 p. : _bill. ; _c21 cm. |
||
| 500 | _aIncludes index. | ||
| 504 | _aBibliography: p. 101-103. | ||
| 600 | 1 | 0 |
_aStarr, Belle, _d1848-1889. |
| 600 | 1 | 0 |
_aReed, Rose Pearl, _d1868-1925. |
| 600 | 3 | 0 | _aStarr family. |
| 650 | 0 |
_aFrontier and pioneer life _zWest (U.S.) |
|
| 650 | 0 |
_aOutlaws _zWest (U.S.) _xBiography. |
|
| 651 | 0 |
_aWest (U.S.) _xBiography. |
|
| 001 | data | ||
| 999 |
_c1153 _d1153 |
||